000 00688cam a2200205 4500
008 000000n1999 000 0 eng u
035 _a(Sirsi) u103466
100 _aAtkinson, J.
245 _aMaking a song and dance of it
260 _c1999
490 _aContract Journal
_v 401(6256) 15 December 1999, 16-18(3)
520 _aLooks at the project to refurbish the Covent Garden opera house, which has been closed for two and a half years.
590 _aABS
650 _aCOVENT GARDEN
650 _aROYAL OPERA HOUSE
650 _aTHEATRES
650 _aBUILT ENVIRONMENT-BUILDING MAINTENANCE AND REFURBISHMENT
690 _aBUILDING AND CONSTRUCTION-PROJECTS
942 _n0
999 _c62164
_d62164